[Event "ROM-ch"]
[Site "?"]
[Date "1992.??.??"]
[Round "9"]
[White "Ardeleanu, Alin"]
[Black "Dumitrache, Dragos"]
[Result "1/2-1/2"]
[WhiteElo "2335"]
[BlackElo "2400"]

1.e4 e6 2.d4 d5 3.Nc3 Nf6 4.e5 Nfd7 5.f4 c5 6.Nf3 Nc6 7.Be3 a6 8.Qd2 b5 9.dxc5 Bxc5
10.Bxc5 Nxc5 11.Qf2 Qb6 12.Bd3 Rb8 13.O-O Nb4 14.Rfd1 Bd7 15.Ne2 O-O 16.Ned4 Nbxd3
17.cxd3 b4 18.b3 Bb5 19.Qe3 Bd7 20.Kh1 a5 21.g4 a4 22.f5 f6 23.exf6 Rxf6
24.g5 Rff8 25.f6 axb3 26.Ne5 Be8 27.Nxb3 d4 28.Qxd4 Qb7+ 29.Kg1 gxf6 30.Nxc5 fxe5
31.Qxe5 Qa7 32.d4 Bh5 33.Rf1 Bg4 34.h4 Bh3 35.Rxf8+ Rxf8 36.Qe3 Bg4 37.Ne4 Rf3
38.Nf6+ Kf7 39.Qe5 Bf5 40.Rf1 Rxf1+ 41.Kxf1 Qb6 42.Kg1 Qc6 43.Qf4 Qc2 44.h5 Qb1+
45.Qf1 Qxa2 46.Qb5 Qa1+ 47.Kg2 Qb2+ 48.Kf3 Qc3+ 49.Ke2 Qc2+ 50.Ke3 Qc1+ 51.Ke2 Qc2+
52.Ke3  1/2-1/2

[Event "Slupsk op"]
[Site "Slupsk"]
[Date "1992.??.??"]
[Round "?"]
[White "Kuczynski, Robert"]
[Black "Gleizerov, Evgeny"]
[Result "1/2-1/2"]
[WhiteElo "2525"]
[BlackElo "2540"]

1.e4 e6 2.d4 d5 3.Nc3 Nf6 4.e5 Nfd7 5.f4 c5 6.Nf3 Nc6 7.Be3 a6 8.Qd2 b5 9.dxc5 Bxc5
10.Bxc5 Nxc5 11.Qf2 Qb6 12.Bd3 Rb8 13.O-O Na4 14.Nxa4 bxa4 15.b3 Ke7 16.Rab1 axb3
17.Rxb3 Qxf2+ 18.Kxf2 Bd7 19.Rfb1 a5 20.Ke3 Rxb3 21.Rxb3 Rc8 22.a3 a4 23.Rb7 Na5
24.Ra7 Nc6 25.Ra6 h5 26.Nd4 Nxd4 27.Kxd4 Rc7 28.Rb6 g6 29.g3 Be8 30.c3 Bd7
31.Ba6 Bc6 32.Rb8 Ra7 33.Bd3 Rc7 34.Rb4 Bd7 35.Bc2 Ra7 36.h3 Be8 37.Bd3 Rc7
38.Bb1 Bc6 39.Bc2 Ra7 40.Rb8 Bd7 41.Rb6 Rc7 42.Bd3 Be8 43.Ba6 Bc6 44.g4 h4
45.g5 Bd7 46.Rb8 Be8 47.Bd3 Bd7 48.Rb4 Be8 49.Bc2 Ra7 50.Ke3 Rc7 51.Kd2 Ra7
52.Bd1 Bd7 53.Bf3 Rc7 54.Be2 Be8 55.Rb8 Bd7 56.Ba6 Be8 57.Bd3 Ra7 58.Rc8 Bd7
59.Rb8 Be8 60.Kc1 Rc7 61.Kd2 Ra7 62.Bc2 Bd7  1/2-1/2

[Event "Stockholm"]
[Site "Stockholm"]
[Date "1992.??.??"]
[Round "?"]
[White "Furhoff, Johan"]
[Black "Backelin, Rikard"]
[Result "1-0"]
[WhiteElo "2250"]
[BlackElo "2275"]

1.e4 e6 2.d4 d5 3.Nc3 Nf6 4.e5 Nfd7 5.f4 c5 6.Nf3 Nc6 7.Be3 a6 8.Qd2 b5 9.g3 b4
10.Ne2 Be7 11.Bg2 f5 12.exf6 Nxf6 13.Ne5 Qc7 14.dxc5 Nxe5 15.fxe5 Qxe5 16.O-O-O O-O
17.Bf4 Qh5 18.Bd6 Bxd6 19.cxd6 Qe5 20.Nf4 Qxd6 21.Rhe1 Bd7 22.Bh3 Rfe8 23.g4 Kh8
24.g5 Ng8 25.Re4 Ne7 26.Bxe6 a5 27.Bxd7 Qxd7 28.Nxd5 Nxd5 29.Qxd5 Qa7 30.g6 Rxe4
31.Qxe4 hxg6 32.Qxg6 Qe3+ 33.Kb1 Qe5 34.Qd6 Qe2 35.Qd3 Qe7 36.Qd5 Qf8 37.b3 Kh7
38.Qe4+ Kh8 39.Qh4+ Kg8 40.Qc4+ Kh8 41.Rf1 Qe8 42.Qh4+ Kg8 43.Qc4+ Kh8 44.Rf5 Kh7
45.Qh4+ Kg8 46.Rh5 Qc6 47.Rh8+ Kf7 48.Qh5+ Ke7 49.Qe5+ Kf7 50.Qf5+ Ke7 51.Rh4 Qf6
52.Qc5+ Ke6 53.Re4+ Kf7 54.Qc4+  1-0

[Event "Rilton Cup"]
[Site "Stockholm"]
[Date "1992.??.??"]
[Round "9"]
[White "Angqvist, Thore"]
[Black "Hartman, Christer"]
[Result "0-1"]
[WhiteElo "2215"]
[BlackElo "2345"]

1.e4 e6 2.d4 d5 3.Nc3 Nf6 4.e5 Nfd7 5.Nce2 c5 6.c3 Nc6 7.f4 f6 8.Nf3 Qb6
9.g3 cxd4 10.cxd4 Bb4+ 11.Bd2 fxe5 12.dxe5 Nc5 13.Nc3 Ne4 14.Qe2 Nxd2 15.Nxd2 Bxc3
16.bxc3 Qb2 17.Nb3 Qxc3+ 18.Qd2 Qxd2+ 19.Kxd2 Ke7 20.h4 b6 21.a3 Bb7 22.Rb1 Rac8
23.Bd3 h6 24.Rhe1 Rhf8 25.h5 Nb8 26.Nd4 Nd7 27.f5 Nc5 28.g4 Nxd3 29.Kxd3 Ba6+
30.Ke3 Rc3+ 31.Kf4 Rc4 32.Rb4 Rfc8 33.g5 exf5 34.gxh6 gxh6 35.e6 Rxb4 36.axb4 Kf6
37.e7 Re8 38.Nxf5 Bd3 39.Nxh6 Be4 40.Ra1 Kxe7 41.Rxa7+ Kd6 42.Nf7+ Kc6 43.h6 Rf8
44.Ke5 Kb5 45.Rb7 Kxb4 46.Rxb6+ Kc5 47.Rb7 Re8+ 48.Kf6 Kd4 49.Ng5 Rf8+ 50.Kg7 Rf1
51.Rb4+ Kc3 52.Rb6 Rg1 53.Kf6 Rf1+ 54.Ke6 Rg1 55.Kf6 Rf1+ 56.Ke7 Rg1 57.Ne6 d4
58.Nc5 Bc2 59.Kf7 Kc4 60.Rc6 Kd5 61.Rc7 Kd6 62.Rc8 Bf5 63.Nb7+ Ke5 64.Rc5+ Kf4
65.Nd6 Bg6+ 66.Kf6 d3 67.Rd5 Bh7 68.Nf7 Be4 69.Rd4 Ke3 70.Ke5 Bg6 71.Nh8  0-1

[Event "Subotica Palic"]
[Site "Subotica"]
[Date "1992.??.??"]
[Round "?"]
[White "Vukovic, Zdravko"]
[Black "Vuksanovic, Sanja"]
[Result "1/2-1/2"]
[WhiteElo "2410"]
[BlackElo "2270"]

1.e4 e6 2.d4 d5 3.Nc3 Nf6 4.e5 Nfd7 5.Nce2 c5 6.c3 b5 7.f4 Nc6 8.a3 cxd4
9.Nxd4 Nxd4 10.cxd4 b4 11.a4 a5 12.Nf3 Be7 13.Bd3 Ba6 14.O-O Qb6 15.b3 f5
16.Ra2 O-O 17.Bxa6 Qxa6 18.h3 Rac8 19.g4 Rc3 20.Bd2 Rc7 21.Qb1 g6 22.Bc1 Rfc8
23.Raf2 Rc3 24.Bd2 Rc2 25.Kh2 R8c7 26.Rg2 Rb2  1/2-1/2

[Event "SWZ-ch int"]
[Site "?"]
[Date "1992.??.??"]
[Round "2"]
[White "Landenbergue, Claude"]
[Black "Zueger, Beat"]
[Result "1/2-1/2"]
[WhiteElo "2390"]
[BlackElo "2440"]

1.e4 e6 2.d4 d5 3.Nc3 Nf6 4.e5 Nfd7 5.Nf3 c5 6.dxc5 Nc6 7.Bf4 Nxc5 8.Bd3 a6
9.O-O Be7 10.Qd2 Bd7 11.Rfe1 Nxd3 12.cxd3 Rc8  1/2-1/2

[Event "SWZ-ch int"]
[Site "?"]
[Date "1992.??.??"]
[Round "4"]
[White "Renet, Olivier"]
[Black "Zueger, Beat"]
[Result "1-0"]
[WhiteElo "2530"]
[BlackElo "2440"]

1.e4 e6 2.d4 d5 3.Nc3 Nf6 4.e5 Nfd7 5.f4 c5 6.Nf3 cxd4 7.Nb5 Nc6 8.Nbxd4 Nxd4
9.Nxd4 Bc5 10.c3 O-O 11.Be3 Qh4+ 12.g3 Qe7 13.Bg2 f6 14.exf6 Nxf6 15.O-O Bd7
16.Re1 Rae8 17.Nf3 b6 18.Bd4 Qd6 19.Qe2 Re7 20.Kh1 Be8 21.Bxf6  1-0

[Event "Werfen blitz"]
[Site "Werfen"]
[Date "1992.??.??"]
[Round "6"]
[White "Podlesnik, Bogdan"]
[Black "Grabert, Ralf"]
[Result "1-0"]
[WhiteElo "2375"]
[BlackElo "2300"]

1.e4 e6 2.d4 d5 3.Nc3 Nf6 4.e5 Nfd7 5.f4 c5 6.Nf3 Nc6 7.Be3 a6 8.Qd2 b5 9.dxc5 Bxc5
10.Bxc5 Nxc5 11.Qf2 Qe7 12.Bd3 b4 13.Ne2 f6 14.O-O f5 15.Ned4 Bd7 16.Nxc6 Bxc6
17.Nd4 Bd7 18.Qd2 Rb8 19.Rfb1 O-O 20.a3 Na4 21.axb4 Rxb4 22.c3 Rb6 23.b4 Rc8
24.Ra3 a5 25.Bc2 axb4 26.cxb4 Ra8 27.Bxa4 Rxa4 28.Rxa4 Bxa4 29.b5 Qa3 30.Qc1 Qxc1+
31.Rxc1 Rb7 32.Nxe6 Rxb5 33.Rc7 Rb6 34.Rxg7+ Kh8 35.Ra7 Bc6 36.Rc7 h5 37.Nd4 Ba4
38.Nf3 Rb4 39.g3 d4 40.Rc8+ Kh7 41.Rd8 Rb1+ 42.Kg2 Rb2+ 43.Kh3 Bd1 44.Nxd4 Bg4+
45.Kh4 Rxh2+ 46.Kg5 Rg2 47.Nxf5 Bh3 48.e6  1-0

[Event "Wiesbaden op"]
[Site "Wiesbaden"]
[Date "1992.??.??"]
[Round "?"]
[White "Schlesinger, Omri"]
[Black "Damm, Fabian"]
[Result "1-0"]
[WhiteElo "2270"]
[BlackElo "2230"]

1.e4 e6 2.d4 d5 3.Nc3 Nf6 4.e5 Nfd7 5.f4 c5 6.Nf3 Nc6 7.Be3 Qb6 8.Na4 Qa5+
9.c3 cxd4 10.b4 Qc7 11.Nxd4 Nxd4 12.Bxd4 Be7 13.Bd3 b6 14.O-O Bb7 15.Nb2 Nb8
16.f5 Nc6 17.Qg4 O-O-O 18.fxe6 fxe6 19.Rf7 g6 20.Bb5 Kb8 21.Qxe6 Rde8 22.Nd3 Nd8
23.Rxe7 Rxe7 24.Qg4 Ne6 25.Rc1 a6 26.Ba4 Qc4 27.Nb2 Qxa2 28.Qe2 b5 29.Bd1 Rc8
30.Rc2 Nxd4 31.cxd4 Rxc2 32.Qxc2 Rc7 33.Qd2 Bc8 34.h3 Bf5 35.Kh2 Qb1 36.Bf3 Qc2
37.Qg5 Be4 38.Qd8+ Kb7 39.Bxe4 dxe4 40.e6 e3 41.Qd5+ Qc6 42.Qe5 Rc8 43.Nd3 Qc7
44.Nc5+ Kb6 45.Nd7+ Ka7 46.Qxc7+ Rxc7 47.Kg3 Kb7 48.e7 Rc8 49.Nf6 Kc6 50.Kf3 e2
51.Kxe2 Kd6  1-0

[Event "Wisla BES op"]
[Site "Wisla"]
[Date "1992.??.??"]
[Round "7"]
[White "Kolasinski, Marek"]
[Black "Nikolenko, Oleg"]
[Result "1/2-1/2"]
[WhiteElo "2315"]
[BlackElo "2465"]

1.e4 e6 2.d4 d5 3.Nc3 Nf6 4.e5 Nfd7 5.f4 c5 6.Nf3 Nc6 7.Be3 cxd4 8.Nxd4 Qb6
9.Qd2 Qxb2 10.Rb1 Qa3 11.Bb5 Nxd4 12.Bxd4 Bb4 13.O-O O-O 14.Rf3 Bc5 15.Ne2 Qxa2
16.Rbf1 b6 17.f5 exf5 18.Rxf5 Bxd4+ 19.Nxd4 Nc5 20.R5f3 Be6 21.Qc1 a6 22.Ra3 axb5
23.Rxa2 Rxa2 24.Nxb5 Ra4 25.Nd6 d4 26.Qg5 h6 27.Qd2 Rfa8 28.h3 Nd7 29.Rf4 Nxe5
30.Rxd4 Ra1+ 31.Kh2 R8a3 32.Qf4 Ng6 33.Qf2 R3a2 34.Nf5 Rc1 35.Rd8+ Kh7 36.Nd4 Raa1
37.Nxe6 fxe6 38.Qf7 h5 39.Qg8+ Kh6 40.Qxe6 Rh1+ 41.Kg3 h4+ 42.Kg4 Ra4+ 43.Kf3 Rf4+
44.Ke2 Rhf1 45.Kd2  1/2-1/2

[Event "Wisla BES op"]
[Site "Wisla"]
[Date "1992.??.??"]
[Round "9"]
[White "Kostyra, Stanislaw"]
[Black "Nikolenko, Oleg"]
[Result "1/2-1/2"]
[WhiteElo "2365"]
[BlackElo "2465"]

1.e4 e6 2.d4 d5 3.Nc3 Nf6 4.e5 Nfd7 5.f4 c5 6.Nf3 Nc6 7.Be3 cxd4 8.Nxd4 Qb6
9.a3 Bc5 10.Na4 Qa5+ 11.c3 Bxd4 12.Bxd4 Nxd4 13.Qxd4 b6 14.Qb4 Qxb4 15.axb4 Ke7
16.Bb5 Bb7 17.Kd2 f6 18.Rae1 Rhf8 19.Rhf1 fxe5 20.Bxd7 Kxd7 21.Rxe5 Bc6 22.b3 Bxa4
23.bxa4 Rac8 24.f5 Rxf5 25.Rfxf5 exf5 26.Rxf5 Ke6 27.Rf4 g5 28.Rg4 Kf5 29.Rd4 Ke5
30.Rg4 Kf5 31.Rd4 Ke5 32.Rg4 Rg8 33.h4 h6 34.Kd3 Rg7 35.Rg3 Kf4 36.Rf3+ Ke5
37.Rg3 Kf4 38.Rf3+ Ke5 39.Rg3  1/2-1/2

[Event "Oberliga Wuert9192"]
[Site "Wuerttemberg"]
[Date "1992.??.??"]
[Round "?"]
[White "Krockenberger, Martin"]
[Black "Tibensky, Robert"]
[Result "0-1"]
[WhiteElo "2325"]
[BlackElo "2365"]

1.e4 e6 2.d4 d5 3.Nc3 Nf6 4.e5 Nfd7 5.f4 c5 6.Nf3 Nc6 7.Be3 a6 8.Qd2 b5 9.dxc5 Bxc5
10.Bxc5 Nxc5 11.Qf2 Qe7 12.Bd3 Bb7 13.O-O h6 14.Ne2 Nb4 15.Rfd1 Rc8 16.Ned4 Na4
17.a3 Nc6 18.c3 Nc5 19.f5 Ne4 20.Bxe4 dxe4 21.Nxc6 Bxc6 22.Nd4 Bd5 23.f6 gxf6
24.exf6 Qd6 25.Rd2 Qe5 26.Nc2 Rg8 27.Ne3 Rg6 28.Rf1 Bc6 29.Qf4 Qc5 30.Rfd1 Bd5
31.Kh1 Bb3 32.Re1 Kf8 33.h3 h5 34.Rf1 Kg8 35.Qxe4 Qg5 36.Rd7 Rxf6 37.Rf3 Kg7
38.Kh2 Rxf3 39.Qxf3 Qe5+ 40.Kh1 Rf8 41.Ra7 Kg6 42.Nf1 Bd5 43.Qf2 f5 44.Rxa6 Rg8
45.Nd2 f4 46.Nf3 Qe3 47.Qxe3 fxe3 48.Kg1 Kf5 49.Kf1 Bc4+ 50.Kg1 Rd8 51.Nd4+ Ke4
52.b3 e5 53.Nf3 Rd1+ 54.Kh2 Bxb3 55.Rh6 Bf7 56.Rf6 Bd5 57.Rh6 e2 58.Rxh5 Kd3
59.Nxe5+ Kxc3  0-1

[Event "Zalakaros op"]
[Site "Zalakaros"]
[Date "1992.??.??"]
[Round "7"]
[White "Szalanczy, Emil"]
[Black "Monin, Nikolay"]
[Result "1-0"]
[WhiteElo "2420"]
[BlackElo "2405"]

1.e4 e6 2.d4 d5 3.Nc3 Nf6 4.e5 Ne4 5.Nf3 c5 6.Bd3 Nxc3 7.bxc3 c4 8.Be2 Bd7
9.a4 Nc6 10.O-O Be7 11.Ne1 Qa5 12.Bd2 O-O-O 13.f4 Rdf8 14.Bg4 g6 15.Nf3 h5
16.Bh3 Bd8 17.Qe2 Ne7 18.Ng5 Nf5 19.Bxf5 gxf5 20.h4 Be7 21.Rfb1 Bc6 22.Qe1 Kb8
23.Bc1 Ka8 24.Ba3 Bxa3 25.Rxa3 Bxa4 26.Qc1 b5 27.Qb2 Qc7 28.Ra2 Rd8 29.Qb4 Rd7
30.Kf2 Qc8 31.Ke3 Rc7 32.Kd2 Rd7 33.Rh1 Rc7 34.Raa1 Rb7 35.Rh3 Qc7 36.Rg3 Qd8
37.Nf3 Rg8 38.Rg5 Rxg5 39.hxg5 Rd7 40.Rh1 Qh8 41.Rh4 Kb7 42.Ng1 Rc7 43.Ne2 Kb6
44.Ng3 a5 45.Qa3 Qe8 46.Nxh5 b4 47.cxb4 c3+ 48.Ke3 Qb5 49.bxa5+ Ka7 50.Qd6 Rb7
51.Ng3 Bxc2 52.Ne2 Qd3+ 53.Kf2 Bd1 54.Qc5+ Ka6 55.Qc6+ Ka7 56.Qc5+ Ka6 57.Rh8 Qxe2+
58.Kg1 Rb8 59.Qc6+ Kxa5 60.Qxc3+ Rb4 61.Ra8+ Kb6  1-0

[Event "Zalakaros op"]
[Site "Zalakaros"]
[Date "1992.??.??"]
[Round "9"]
[White "Szalanczy, Emil"]
[Black "Somlai, Laszlo"]
[Result "1-0"]
[WhiteElo "2420"]
[BlackElo "2375"]

1.e4 e6 2.d4 d5 3.Nc3 Nf6 4.e5 Nfd7 5.f4 c5 6.Nf3 Nc6 7.Be3 cxd4 8.Nxd4 Bc5
9.Qd2 Nxd4 10.Bxd4 Bxd4 11.Qxd4 Qb6 12.O-O-O Qxd4 13.Rxd4 Ke7 14.Bb5 Nb6
15.Rf1 g6 16.Rf3 h5 17.a4 a5 18.Rfd3 Bd7 19.Bxd7 Nxd7 20.Ne4 b6 21.Ng5 Rac8
22.Kb1 Rc6 23.c4 Rxc4 24.Rxc4 dxc4 25.Rd6 Ra8 26.Kc2 Ke8 27.g3 Ke7 28.Rc6 Ke8
29.Kc3 Ra7 30.Kxc4 Nc5 31.b3 Rb7 32.Nh7 Ne4 33.Kb5 Nc5 34.Nf6+ Kd8 35.Rxb6 Rxb6+
36.Kxb6 Nxb3 37.Ne4 Ke7 38.Nc5 Nd4 39.Kxa5 f6 40.Kb6 fxe5 41.fxe5 Nf3 42.Nd3  1-0

[Event "Alcobendas op"]
[Site "Alcobendas"]
[Date "1993.??.??"]
[Round "9"]
[White "Mellado Trivino, Juan"]
[Black "Rojo Huerta, Gabriel"]
[Result "1-0"]
[WhiteElo "2415"]
[BlackElo "2300"]

1.e4 e6 2.d4 d5 3.Nc3 Nf6 4.e5 Nfd7 5.Nce2 c5 6.c3 Nc6 7.f4 f6 8.Nf3 Qb6
9.g3 cxd4 10.cxd4 fxe5 11.fxe5 Bb4+ 12.Nc3 O-O 13.Bf4 Be7 14.Qd2 g5 15.O-O-O gxf4
16.gxf4 Qd8 17.Bd3 Rf7 18.Rhg1+ Kh8 19.f5 Ndxe5 20.dxe5 exf5 21.Kb1 Be6 22.Qh6 Qd7
23.Bc4 f4 24.Nxd5 Rd8 25.Nxe7  1-0

[Event "Altensteig-B"]
[Site "Altensteig"]
[Date "1993.??.??"]
[Round "6"]
[White "Votava, Jan"]
[Black "Touzane, Olivier"]
[Result "1/2-1/2"]
[WhiteElo "2425"]
[BlackElo "2330"]

1.e4 e6 2.d4 d5 3.Nc3 Nf6 4.e5 Nfd7 5.f4 c5 6.Nf3 Nc6 7.Be3 Qb6 8.Na4 Qa5+
9.c3 cxd4 10.b4 Nxb4 11.cxb4 Bxb4+ 12.Bd2 Bxd2+ 13.Nxd2 g5 14.fxg5 Nxe5 15.Rc1 Bd7
16.Nb2 Qxa2 17.Qb3 Qxb3 18.Nxb3 Ke7 19.Kd2 Bc6 20.Nxd4 Rhg8 21.Bb5 Rxg5 22.g3 Rg4
23.Nxc6+ bxc6 24.Nd3 Nxd3 25.Bxd3 Rc8 26.Rc5 h5 27.Be2 Rg5 28.Rhc1 Kd6 29.Bb5 h4
30.Rxc6+ Rxc6 31.Rxc6+ Ke5 32.gxh4 Rg2+ 33.Be2 Rxh2 34.h5 Ke4 35.Ra6 d4 36.Rxa7 f5
37.Ra3 e5 38.Ke1 Kf4 39.Rf3+ Kg5 40.Rg3+ Kf4 41.Rf3+ Ke4 42.Ra3 Kd5 43.Ra5+  1/2-1/2

[Event "Alushta"]
[Site "Alushta"]
[Date "1993.??.??"]
[Round "?"]
[White "Timoshenko, Georgy"]
[Black "Gleizerov, Evgeny"]
[Result "1/2-1/2"]
[WhiteElo "2515"]
[BlackElo "2555"]

1.e4 e6 2.d4 d5 3.Nc3 Nf6 4.e5 Nfd7 5.f4 c5 6.Nf3 Nc6 7.Be3 a6 8.Qd2 b5 9.Bd3 b4
10.Nd1 Qb6 11.dxc5 Bxc5 12.O-O Bb7 13.Kh1 O-O 14.Qf2 f5 15.h3 Bxe3 16.Nxe3 Nc5
17.Kh2 Ne4 18.Qe2 Nd4 19.Nxd4 Qxd4 20.Rab1 g5 21.c3 bxc3 22.Nc2 Qc5 23.Bxe4 dxe4
24.bxc3 Bd5 25.Qe3 Rac8 26.Qg3  1/2-1/2

[Event "AUT-chT"]
[Site "?"]
[Date "1993.??.??"]
[Round "?"]
[White "Roth, Peter"]
[Black "Stoppel, Franz"]
[Result "1/2-1/2"]
[WhiteElo "2310"]
[BlackElo "2260"]

1.e4 e6 2.d4 d5 3.Nc3 Nf6 4.e5 Nfd7 5.Nf3 a6 6.Bd3 Be7 7.Ne2 c5 8.c3 Nc6
9.h4 h6 10.a3 c4 11.Bc2 Nb6 12.Rh3 Kd7 13.Rg3 Bf8 14.Nf4 Kc7 15.Nh5 g6 16.Nf6 Nd7
17.Nxd7 Bxd7 18.h5 g5 19.Nh2 f5 20.exf6 Bd6 21.Rh3 Qxf6 22.Ng4 Qg7 23.Be3 Rae8
24.Bg6 Re7 25.Rf3 e5 26.Nf6 Be6 27.dxe5 Nxe5 28.Nxd5+ Bxd5 29.Qxd5 Nxf3+
30.gxf3 Qe5 31.Qxc4+ Kb8 32.O-O-O Rc8 33.Qd4 Qxd4 34.Rxd4  1/2-1/2

[Event "AUT-chT"]
[Site "?"]
[Date "1993.??.??"]
[Round "?"]
[White "Singer, Christoph"]
[Black "Turian, Hans"]
[Result "0-1"]
[WhiteElo "2235"]
[BlackElo "2260"]

1.e4 e6 2.d4 d5 3.Nc3 Nf6 4.e5 Nfd7 5.f4 c5 6.Nf3 Nc6 7.Be3 a6 8.Qd2 b6 9.h4 Bb7
10.h5 Qc7 11.Be2 O-O-O 12.Nd1 cxd4 13.Nxd4 Nc5 14.Nf2 Kb8 15.c3 Ka7 16.O-O Rc8
17.b4 Ne4 18.Nxe4 dxe4 19.a4 Ka8 20.a5 bxa5 21.Nxc6 Qxc6 22.Qd4 Kb8 23.Rxa5 Rc7
24.b5 Qxc3 25.Qa7+ Kc8 26.Rxa6 Qxe3+ 27.Qxe3 Bc5 28.Qxc5 Rxc5 29.Ra5 Rd8
30.Kf2 Rd2 31.Ke3 Rb2 32.Ra3 Rcc2 33.Re1 Kc7 34.g4 Kb6 35.g5 Kc5 36.Ra7 Rc3+
37.Kf2 Kb6 38.Raa1 Rf3+ 39.Kg2 Rxf4 40.Rab1 Rxb1 41.Rxb1 Rf5 42.Kg3 Rxg5+
43.Kh4 Rxe5 44.Rg1 g6 45.h6 Rf5 46.Rd1 Bd5 47.Kg3 g5 48.Kg4 f6 49.Kg3 Rf4
50.Rh1 e3 51.Rc1 Rh4 52.Rc8 f5 53.Bf3 f4+ 54.Kg2 Rg4+ 55.Kh2 Bxf3  0-1

[Event "Wch Seniors"]
[Site "Bad Wildbad"]
[Date "1993.??.??"]
[Round "9"]
[White "Vasiukov, Evgeni"]
[Black "Kaminik, Aleksandar"]
[Result "1-0"]
[WhiteElo "2495"]
[BlackElo "2200"]

1.e4 e6 2.d4 d5 3.Nc3 Nf6 4.e5 Nfd7 5.Nce2 c5 6.c3 Nc6 7.f4 Qb6 8.Nf3 f6
9.a3 a5 10.g3 Be7 11.Bh3 Nf8 12.O-O a4 13.exf6 gxf6 14.f5 cxd4 15.cxd4 e5
16.Nc3 Ra5 17.Kh1 e4 18.Nh4 Qxd4 19.Qh5+ Kd8 20.Rd1 Qc4 21.Bf1 Qb3 22.Nxe4 Nd7
23.Nc3 d4 24.Ne4 Re5 25.Bg2 Qc2 26.Bf4 Rb5 27.Rd2 Qb3 28.Rad1 Nde5 29.h3 Bd7
30.Kh2 Qf7 31.Qxf7 Nxf7 32.Nc3 Rb3  1-0

[Event "Barcelona UGA"]
[Site "Barcelona"]
[Date "1993.??.??"]
[Round "3"]
[White "De la Riva Aguado, Oscar"]
[Black "Campos, Luis Maria"]
[Result "1-0"]
[WhiteElo "2400"]
[BlackElo "2345"]

1.e4 e6 2.d4 d5 3.Nc3 Nf6 4.e5 Nfd7 5.f4 c5 6.Nf3 Nc6 7.Be3 cxd4 8.Nxd4 Bc5
9.Qd2 a6 10.O-O-O O-O 11.h4 Nxd4 12.Bxd4 b5 13.h5 b4 14.Na4 Bxd4 15.Qxd4 Qa5
16.b3 Bb7 17.f5 Bc6 18.Rh3 Bxa4 19.Rg3 Kh8 20.bxa4 Qc7 21.Re1 Rac8 22.Bd3 Nc5
23.Kd1 Nxa4 24.f6 g6 25.Qxb4 Nc3+ 26.Kd2 Ne4+ 27.Bxe4 dxe4 28.Qxe4 Rfd8+
29.Ke2 Qxc2+ 30.Kf1 Qxe4 31.Rxe4 Rc1+ 32.Kf2 Rc2+ 33.Kg1 Rxa2 34.hxg6 fxg6
35.Rc3 Ra1+ 36.Kh2 Rad1 37.Rc6 Re8 38.Rb4 Rd5 39.Rxe6  1-0

[Event "Barcelona UGA"]
[Site "Barcelona"]
[Date "1993.??.??"]
[Round "4"]
[White "Bjerring, Kai"]
[Black "Campos, Luis Maria"]
[Result "1-0"]
[WhiteElo "2360"]
[BlackElo "2345"]

1.e4 e6 2.d4 d5 3.Nc3 Nf6 4.e5 Nfd7 5.f4 c5 6.Nf3 Nc6 7.Be3 a6 8.Qd2 b5 9.dxc5 Bxc5
10.Ne2 Bxe3 11.Qxe3 Qa5+ 12.Qd2 Qxd2+ 13.Kxd2 Nb6 14.Ned4 Bd7 15.Nxc6 Bxc6
16.Nd4 Bd7 17.Re1 Ke7 18.b3 h5 19.Bd3 g6 20.g3 Rag8 21.h3 Bc8 22.Kc3 Bb7
23.Kb4 Nd7 24.a4 bxa4 25.Kxa4 Nc5+ 26.Ka3 a5 27.Kb2 Ra8 28.Ra1 h4 29.g4 Ba6
30.Rxa5 Nxd3+ 31.cxd3 Bxd3 32.Rxa8 Rxa8 33.Rc1 Kd7 34.Nf3 Bb5 35.Ng5 Rf8
36.Ra1 Kc6 37.Ra7 d4 38.Rxf7 Rxf7 39.Nxf7 Bf1 40.Ng5 Kd5 41.Kc2 Bg2 42.Kd3 Bf1+
43.Kd2 Bb5 44.Nf3 Ke4 45.Nxh4 Be8 46.Ng2 Kf3 47.f5 exf5 48.gxf5 gxf5 49.Nh4+ Ke4
50.e6 Ke5 51.e7 Kf6 52.Kd3 Bd7 53.Nf3 Kxe7 54.Kxd4 Kd6 55.h4 Be8 56.Ke3 Kc5
57.Kf4 Bf7 58.Nd2 Kb4 59.Kxf5 Kc3 60.Kf6 Be8 61.Ne4+ Kxb3 62.Kg5 Bc6 63.Kf4 Be8
64.Kg5 Bc6 65.Nf6 Bf3 66.Ng4 Kb4 67.h5 Kc5 68.h6 Be4 69.Ne5 Bh7 70.Kf6 Kd6
71.Ng6  1-0

[Event "JUG-chT2"]
[Site "Becici"]
[Date "1993.??.??"]
[Round "6"]
[White "Vratonjic, Slobodan"]
[Black "Drasko, Milan"]
[Result "1-0"]
[WhiteElo "2285"]
[BlackElo "2475"]

1.e4 e6 2.d4 d5 3.Nc3 Nf6 4.e5 Nfd7 5.f4 c5 6.Nf3 a6 7.Be3 Qb6 8.Na4 Qa5+
9.c3 cxd4 10.b4 Qc7 11.Qxd4 Nc6 12.Qd2 Be7 13.Be2 b5 14.Nb2 a5 15.O-O axb4
16.Rfc1 Qb7 17.cxb4 Bxb4 18.Qc2 Ba3 19.Rab1 Nb4 20.Qb3 Nxa2 21.Rc2 Nb4 22.Rc3 d4
23.Nxd4 Nd5 24.Nxb5 Nxe3 25.Bf3 Nd5 26.Bxd5 exd5 27.Nc7+ Kd8 28.Nxa8 Bc5+
29.Kh1 Qxa8 30.Rxc5 Nxc5 31.Qb6+ Kd7 32.Qd6+ Ke8 33.Qxc5 Bf5 34.Rc1 h5 35.Nd3 Rh6
36.Nb4 Be4 37.Qb5+ Ke7 38.Rc7+ Kf8 39.Qc5+  1-0

[Event "Belgrade Beopromet"]
[Site "Belgrade"]
[Date "1993.??.??"]
[Round "10"]
[White "Zontakh, Andrey"]
[Black "Radosevic, Nenad"]
[Result "0-1"]
[WhiteElo "2455"]
[BlackElo "2240"]

1.e4 e6 2.d4 d5 3.Nc3 Nf6 4.e5 Nfd7 5.Nce2 c5 6.c3 Nc6 7.f4 Qb6 8.Nf3 f6
9.a3 Be7 10.b4 cxd4 11.cxd4 O-O 12.Ng3 g5 13.b5 Nxd4 14.Nxd4 gxf4 15.Nh5 fxe5
16.Nb3 Nf6 17.Nxf6+ Bxf6 18.Qc2 e4 19.Rb1 e5 20.Qc5 Qxc5 21.Nxc5 b6 22.Na6 Bh4+
23.g3 fxg3 24.hxg3 Bxg3+ 25.Kd1 Bg4+ 26.Be2 Bxe2+ 27.Kxe2 Rf2+ 28.Kd1 Raf8
29.Rb3 Rf1+ 30.Rxf1 Rxf1+ 31.Kc2 Rg1 32.Rc3 h5 33.Rc8+ Kg7 34.Rc7+ Kg6 35.Rc6+ Kf5
36.Nc7 d4 37.Nd5 h4 38.Rh6 Kg4 39.Rh7 h3 40.Nf6+ Kf5 41.Nh5 e3 42.Nxg3+ Rxg3
43.a4 e4 44.a5 Rg2+ 45.Kb3 h2 46.axb6 axb6 47.Kc4 Rd2 48.Kd5 Kf4 49.Rf7+ Kg3
50.Rg7+ Kf2  0-1

[Event "Berliner Sommer"]
[Site "Berlin"]
[Date "1993.??.??"]
[Round "?"]
[White "Gurevich, Vladimir"]
[Black "Reichenbach, Werner"]
[Result "1-0"]
[WhiteElo "2420"]
[BlackElo "2260"]

1.e4 e6 2.d4 d5 3.Nc3 Nf6 4.e5 Nfd7 5.f4 c5 6.Nf3 Nc6 7.Be3 cxd4 8.Nxd4 Bc5
9.Qd2 Bxd4 10.Bxd4 Nxd4 11.Qxd4 Qb6 12.Nb5 Qxd4 13.Nxd4 Nc5 14.Bd3 Bd7 15.O-O-O h5
16.Rhf1 g6 17.Be2 Ke7 18.Bf3 Rac8 19.b3 b6 20.Kb2 Rc7 21.g3 a6 22.h3 Bc8
23.g4 hxg4 24.hxg4 Nd7 25.Rfe1 Nc5 26.Rh1 Rxh1 27.Rxh1 Bb7 28.Rh8 Rc8 29.Rh7 Rc7
30.f5 gxf5 31.gxf5 exf5 32.Bh5 Kf8 33.e6 Bc8 34.exf7  1-0

[Event "Berliner Sommer"]
[Site "Berlin"]
[Date "1993.??.??"]
[Round "?"]
[White "Skora, Waldemar"]
[Black "Beckhuis, Gernod"]
[Result "1/2-1/2"]
[WhiteElo "2250"]
[BlackElo "2195"]

1.e4 e6 2.d4 d5 3.Nc3 Nf6 4.e5 Nfd7 5.f4 c5 6.dxc5 Bxc5 7.Qg4 O-O 8.Bd3 f5
9.Qh5 Bxg1 10.Rxg1 Qb6 11.Ne2 Nc5 12.Qf3 Bd7 13.Be3 Qxb2 14.Bxc5 Qxa1+ 15.Kf2 Qxa2
16.Bxf8 Kxf8 17.Qh5 Kg8 18.g4 Nc6 19.gxf5 exf5 20.Qh6 g6 21.Rxg6+ hxg6 22.Qxg6+ Kf8
23.Qf6+ Kg8 24.Qg6+  1/2-1/2

[Event "Berliner Sommer"]
[Site "Berlin"]
[Date "1993.??.??"]
[Round "?"]
[White "Ciemniak, Robert"]
[Black "Ardizzone, Stefano"]
[Result "1-0"]
[WhiteElo "2415"]
[BlackElo "2225"]

1.e4 e6 2.d4 d5 3.Nc3 Nf6 4.e5 Nfd7 5.f4 c5 6.Nf3 Nc6 7.Be3 Qb6 8.Na4 Qa5+
9.c3 cxd4 10.b4 Nxb4 11.cxb4 Bxb4+ 12.Bd2 Bxd2+ 13.Nxd2 b6 14.Rb1 Ba6 15.Qb3 Rc8
16.Bxa6 Qxa6 17.Kf2 O-O 18.Rhc1 Nc5 19.Nxc5 bxc5 20.Nf3 Rc6 21.a4 Rfc8 22.Qb5 f6
23.Nxd4 Rb6 24.Qxa6 Rxa6 25.f5 Rxa4 26.Nxe6 fxe5 27.Rb7 Rc6 28.Rxg7+ Kh8
29.Rd7  1-0

[Event "Bern op"]
[Site "Bern"]
[Date "1993.??.??"]
[Round "4"]
[White "Landenbergue, Claude"]
[Black "Jankovskis, Guntis"]
[Result "1-0"]
[WhiteElo "2385"]
[BlackElo "2325"]

1.e4 e6 2.d4 d5 3.Nc3 Nf6 4.e5 Nfd7 5.f4 c5 6.Nf3 Nc6 7.Be3 Qb6 8.Na4 Qa5+
9.c3 cxd4 10.b4 Nxb4 11.cxb4 Bxb4+ 12.Bd2 Bxd2+ 13.Nxd2 b6 14.Qb3 g5 15.Qb5 gxf4
16.Qxa5 bxa5 17.Bb5 Rb8 18.Bxd7+ Bxd7 19.Nc5 Bb5 20.Rb1 Ke7 21.Kf2 f6 22.a4 Bc6
23.Nf3 fxe5 24.Nxe5 Rxb1 25.Nxc6+ Kd6 26.Rxb1 Kxc5 27.Rc1+ Kd6 28.Nxd4 Ke5
29.Nc6+ Kf5 30.Nxa7 Rb8 31.Nb5 Rb6 32.Rc6 Rb8 33.Rc7 h5 34.Rb7 Rf8 35.Nd4+ Ke5
36.Nf3+ Kf5 37.Nd4+ Ke5 38.Nf3+ Kf5 39.Rh7 Rb8 40.Rxh5+ Kf6 41.Rh6+ Kf5 42.h4 Rb2+
43.Kg1 Rb4 44.Rh5+ Kf6 45.Rh6+ Kf5 46.Rh5+ Kf6 47.Rg5 Rxa4 48.h5 Rb4 49.Rg6+ Ke7
50.h6 Rb1+ 51.Kf2 Kf7 52.Ne5+ Ke7 53.Nf3 Kf7 54.Ne5+ Ke7 55.Rg7+ Kf6 56.Nd7+ Kf5
57.h7 Rh1 58.Nf8 f3 59.Rg8 fxg2 60.Kxg2  1-0

[Event "Bern op"]
[Site "Bern"]
[Date "1993.??.??"]
[Round "8"]
[White "Sokolov, Andrei"]
[Black "Winterstein, Wolfgang"]
[Result "1/2-1/2"]
[WhiteElo "2555"]
[BlackElo "2310"]

1.e4 e6 2.d4 d5 3.Nc3 Nf6 4.e5 Nfd7 5.Nce2 c5 6.c3 Nc6 7.f4 Qb6 8.Nf3 cxd4
9.cxd4 Bb4+ 10.Nc3 f6 11.a3 Be7 12.Bd3 O-O 13.Na4 Qc7 14.O-O a6 15.Be3 b5
16.Nc3 Nb6 17.exf6 Bxf6 18.Ne5 Nc4 19.Qe2 g6 20.Rad1 Bd7 21.Bf2 Bg7 22.g3 N6xe5
23.dxe5 Rfc8 24.Rc1 Qa5 25.Na2 Qd8 26.h4 a5 27.h5 Be8 28.hxg6 Bxg6 29.Bd4 Qe8
30.Rf2 Bxd3 31.Qxd3 Qg6 32.Qf3 Rab8 33.Kg2 b4 34.axb4 axb4 35.b3 Na5 36.Rxc8+ Rxc8
37.Nxb4 Nxb3 38.Bb2 Qe4 39.Qxe4 dxe4 40.Rc2 Rd8 41.Nc6 Rd3 42.Nb4 Rd8 43.Na2 Bf8
44.Nc3 e3 45.Re2 Rd2 46.Rxd2 exd2 47.Kf3 Nd4+ 48.Kg2 Bc5 49.Nd1 Nf5 50.Kf3 h5
51.Bc3 Ne3 52.Nxe3 Bxe3 53.Ke2 h4 54.gxh4 Bxf4  1/2-1/2